• 首页
  • 本馆介绍
  • 公告通知
  • 最新文献
  • 馆藏检索
  • 电子资源
  • 读者导购
  • 参考咨询
  • 我的图书馆
  • 登录
  • 详细信息显示
  • 放入我的书架
  • 预约/预借图书
  • 作者相关作品
  • 分类相关作品
  • 丛书相关作品
  • 出版社相关作品

书目信息

  • 表格格式
  • 工作单格式
  • 卡片格式
题名:
技术驱动,教育为本
    
 
作者: ;张怀浩 译 ;OECD教育研究与创新中心 主编
分册:  
出版信息: 上海   华东师范大学出版社  2016
页数: 10,122页
开本: 24cm
丛书名: “OECD学习科学与教育创新”译丛
单 册:
中图分类: F062.4
科图分类:
主题词: 技术革新--ji shu ge xin--技术教育--系统方法--研究
电子资源:
ISBN: 978-7-5675-5015-5
000 01639nam0 22002891 450
001 0119165237
005 20170619165237.0
010    @a978-7-5675-5015-5@dCNY28.00
100    @a20161111d2016 em y0chiy50 ea
101 1  @achi@ceng
102    @aCN@b310000
105    @ay z 000yy
106    @ar
200 1  @a技术驱动,教育为本@9ji shu qu dong jiao yu wei ben@e技术革新教育的系统方法@dInspired by technology, driven by pedagogy@ea systemic approach to technology-based school innovations@fOECD教育研究与创新中心主编@g张怀浩译@zeng
210    @a上海@c华东师范大学出版社@d2016
215    @a10,122页@d24cm
225 2  @a“OECD学习科学与教育创新”译丛@9OECDxue xi ke xue yu jiao yu chuang xin yi cong@f任友群主编
330    @a本书聚焦于系统革新这一创新概念,呈现了由技术所带来变革机遇,不仅提供了能够监控、评估与促进技术革新教育的系统方法,还提供了一些来自其成员国的真实案例和多种研究框架。该书能够帮助政府决策者和其他利益相关者,如专家、学者、学校的校长和教师等重新审视技术在教育教学中的应用情况,思考如何运用系统方法分析教育系统中的技术革新作用,以使技术革新效果最佳,投入效益最大化。
461  0 @12001 @a“OECD学习科学与教育创新”译丛
510 1  @aInspired by technology, driven by pedagogy@ea systemic approach to technology-based school innovations@zeng
517 1  @a技术革新教育的系统方法@9ji shu ge xin jiao yu de xi tong fang fa
606 0  @a技术革新@9ji shu ge xin@x技术教育@x系统方法@x研究
690    @aF062.4@v5
702  0 @a张怀浩@9zhang huai hao@4译
711 02 @aOECD教育研究与创新中心@9oecdjiao yu yan jiu yu chuang xin zhong xin@4主编
801  0 @aCN@b百万庄@c20170616
905    @b1010751-6@dF062.4@e159@f6
    
    技术驱动,教育为本:技术革新教育的系统方法=Inspired by technology, driven by pedagogy:a systemic approach to technology-based school innovations/OECD教育研究与创新中心主编/张怀浩译.-上海:华东师范大学出版社,2016
    10,122页;24cm.-(“OECD学习科学与教育创新”译丛/任友群主编)
    
    
    ISBN 978-7-5675-5015-5:CNY28.00
    本书聚焦于系统革新这一创新概念,呈现了由技术所带来变革机遇,不仅提供了能够监控、评估与促进技术革新教育的系统方法,还提供了一些来自其成员国的真实案例和多种研究框架。该书能够帮助政府决策者和其他利益相关者,如专家、学者、学校的校长和教师等重新审视技术在教育教学中的应用情况,思考如何运用系统方法分析教育系统中的技术革新作用,以使技术革新效果最佳,投入效益最大化。
●
相关链接 在E读中查询图书 在五车中查询图书 在当当中查询图书 在豆瓣中查询图书


正题名:技术驱动,教育为本     索取号:F062.4/159         预约/预借

序号 登录号 条形码 馆藏地/架位号 状态 备注
1 1010751   210107515   第一样本阅览室/ [索取号:F062.4/159] 在馆    
2 1010752   210107524   教育系资料室/ [索取号:F062.4/159] 在馆    
3 1010753   210107533   教育系资料室/ [索取号:F062.4/159] 在馆    
4 1010754   210107542   教育系资料室/ [索取号:F062.4/159] 在馆    
5 1010755   210107551   第一借阅区/ [索取号:F062.4/159] 在馆    
6 1010756   210107560   第一借阅区/ [索取号:F062.4/159] 在馆    
唐山师范学院图书馆 欢迎您!
大连网信软件有限公司© 版权所有